| 000 -LEADER |
| fixed length control field |
00627nam a22001457a 4500 |
| 008 - FIXED-LENGTH DATA ELEMENTS--GENERAL INFORMATION |
| fixed length control field |
260603b ||||| |||| 00| 0 eng d |
| 100 ## - MAIN ENTRY--PERSONAL NAME |
| Personal name |
Sengupta, Kaustubh Mani |
| 245 ## - TITLE STATEMENT |
| Title |
Stepping back in time: Unknown Narratives of a city |
| 260 ## - PUBLICATION, DISTRIBUTION, ETC. (IMPRINT) |
| Place of publication, distribution, etc |
The Book Review |
| 300 ## - PHYSICAL DESCRIPTION |
| Extent |
49(6), Jun, 2025: p.8-9 |
| 520 ## - SUMMARY, ETC. |
| Summary, etc |
Harry Hobbs of Kolkata and other forgotten lives: Some unusual Caucasians of 19th centur5y Kolkata and their intriguing tales by Devasis Chattopadhyay, paper missile/Niyogi books, New Delhi, 2024, 275pp. Rs.495.00. – Reproduced |
| 773 ## - HOST ITEM ENTRY |
| Main entry heading |
The Book Review |
| 906 ## - LOCAL DATA ELEMENT F, LDF (RLIN) |
| Subject DIP |
BOOK REVIEW |
| 942 ## - ADDED ENTRY ELEMENTS (KOHA) |
| Item type |
Articles |